00598 2200229 4500001002100000005001500021035002000036245004800056100002500104250000600129300003500135260004300170082001000213084001600223020002200239650002200261990001700283990001700300990001700317990001700334990001700351INLIS00000000000027820180925125113 a0010-09180001321 aRaden Ajeng Kartini /cDrs. Mardanas Safwan0 aDrs. Mardanas Safwan a- avi, 58 hlm. :bilus. ;c21 cm. aJakarta :bMutiara Sumber Widya,c2010 a923.5 a923.5 MAR r a978-979-9331-17-X aBiografi Pahlawan a01155/H/2018 a01156/H/2018 a01157/H/2018 a01158/H/2018 a01159/H/2018